| 000 | 00677nam a2200217Ia 4500 | ||
|---|---|---|---|
| 003 | GCL | ||
| 008 | 140319s9999 xx 000 0 ara d | ||
| 040 |
_aGCL / _cGCL |
||
| 082 | 0 | 4 |
_a412 _bز ك |
| 100 | 1 | _aالزجاجى , ابوالقاسم عبدالرحمن | |
| 245 | 1 | 0 |
_aكتاب الابداك والمعاقبة والنظائر / _cالزجاجى , ابوالقاسم عبدالرحمن |
| 700 | 1 | _aعزالدين التنوخى | |
| 260 |
_a[S.N] : _bدار صادر ، _c1991 |
||
| 300 | _a126 | ||
| 490 | _a | ||
| 650 | 0 | 4 | _aالاشتقاق |
| 650 | 0 | 4 | _aاللغة العربية |
| 650 | 0 | 4 | _aالفاظ |
| 650 | 0 | 4 | _aمصطلحات |
| 942 |
_2ddc _cBK |
||
| 999 |
_c31491 _d31491 |
||